书目信息 |
| 题名: |
重建本体论
|
|
| 作者: | 庄泽伟 著 | |
| 分册: | ||
| 出版信息: | 北京 知识产权出版社 2016 |
|
| 页数: | 13,197页 | |
| 开本: | 21cm | |
| 丛书名: | ||
| 单 册: | ||
| 中图分类: | B016 | |
| 科图分类: | ||
| 主题词: | 本体论--研究 | |
| 电子资源: | ||
| ISBN: | 978-7-5130-4390-8 | |
| 000 | 00864nam0 2200229 450 | |
| 001 | 887 | |
| 005 | 20180522101403.88 | |
| 010 | @a978-7-5130-4390-8@b精装@dCNY48.00 | |
| 100 | @a20161102d2016 em y0chiy50 ea | |
| 101 | 0 | @achi |
| 102 | @aCN@b110000 | |
| 105 | @ay z 000yy | |
| 200 | 1 | @a重建本体论@9chong jian ben ti lun@f庄泽伟著 |
| 210 | @a北京@c知识产权出版社@d2016 | |
| 215 | @a13,197页@d21cm | |
| 314 | @a庄泽伟 (1958-),男,在常州市文化馆工作。出版《红楼新论》《老子今解》等。 | |
| 330 | @a本书由关于当代哲学的式微及传统哲学本体论的解构、重建哲学本体论的原则和重建的哲学本体论建构三部分组成,共十章,主要内容包括:当代哲学的式微及传统哲学本体论的解构、西方传统哲学本体论的特点与缺陷等。 | |
| 606 | 0 | @a本体论@x研究 |
| 690 | @aB016@v5 | |
| 701 | 0 | @a庄泽伟@9zhuang ze wei@f(1958-)@4著 |
| 801 | 0 | @aCN@b91MARC@c20161118 |
| 905 | @aMuseLib@dB016@e292 | |
| 重建本体论/庄泽伟著.-北京:知识产权出版社,2016 |
| 13,197页;21cm |
| ISBN 978-7-5130-4390-8(精装):CNY48.00 |
| 本书由关于当代哲学的式微及传统哲学本体论的解构、重建哲学本体论的原则和重建的哲学本体论建构三部分组成,共十章,主要内容包括:当代哲学的式微及传统哲学本体论的解构、西方传统哲学本体论的特点与缺陷等。 |
| ● |
| 相关链接 |
|
|
|
|
正题名:重建本体论
索取号:B016/292
 
预约/预借
| 序号 | 登录号 | 条形码 | 馆藏地/架位号 | 状态 | 备注 |
| 1 | 1067694 | 210676945 | 第一样本阅览室/ [索取号:B016/292] | 在馆 | |
| 2 | 1067695 | 210676954 | 密集书库-马院/ [索取号:B016/292] | 在馆 | |
| 3 | 1067696 | 210676963 | 第一借阅区/ [索取号:B016/292] | 在馆 | |
| 4 | 1067697 | 210676972 | 第一借阅区/ [索取号:B016/292] | 在馆 | |
| 5 | 1067698 | 210676981 | 第一借阅区/ [索取号:B016/292] | 在馆 | |
| 6 | 1067699 | 210676990 | 第一借阅区/ [索取号:B016/292] | 在馆 | |
| 7 | 1103214 | 211032149 | 第一借阅区/ [索取号:B016/292] | 在馆 | |
| 8 | 1103215 | 211032158 | 教育系资料室/ [索取号:B016/292] | 在馆 | |
| 9 | 1103216 | 211032167 | 教育系资料室/ [索取号:B016/292] | 在馆 | |
| 10 | 1103217 | 211032176 | 教育系资料室/ [索取号:B016/292] | 在馆 | |
| 11 | 1103218 | 211032185 | 第一借阅区/ [索取号:B016/292] | 在馆 | |
| 12 | 1103219 | 211032194 | 第一借阅区/ [索取号:B016/292] | 在馆 |